000 003610000a22001570004500
020 _a84-206-1700-8
041 0 _aSPA
082 0 4 _aG 863 V2972j
100 1 _aVargas Llosa, Mario (1936-)
245 1 0 _aLos Jefes - Los Cachorros / Mario Vargas Llosa
250 _a3
260 _aMadrd, EspaƱa : Alianza
300 _a145 Pag
001 11158
942 _cBK
999 _c40524
_d40524